000 00666cam a22002411 4500
001 sa 65009868
003 DLC
005 20260227112205.0
008 890714s1964 ii 000 0 urdr
010 _asa 65009868
035 _a(OCoLC)20009960
040 _aDLC
_cWaU
_dDLC
042 _apremarc
043 _aa-ii---
050 0 0 _aDS452
_b.A15
100 1 _aʻAbdurraḥmān, Ṣabāḥuddīn.
245 1 0 _aHindustān ke salātīn, ʻulamāʼ aur mashāʼik̲h̲ ke taʻalluqāt par ek naẓar.
260 _c1964.
300 _a8, 228 p.
_c25 cm.
500 _aIn Urdu.
500 _aText partially vocalized.
650 0 _aMuslims
_zIndia
_xHistory.
999 _c66484
_d66484